<?xml version="1.0" encoding="UTF-8"?><?xml-stylesheet type="text/xsl" href="static/style.xsl"?><OAI-PMH xmlns="http://www.openarchives.org/OAI/2.0/" xmlns:xsi="http://www.w3.org/2001/XMLSchema-instance" xsi:schemaLocation="http://www.openarchives.org/OAI/2.0/ http://www.openarchives.org/OAI/2.0/OAI-PMH.xsd"><responseDate>2026-06-07T19:15:55Z</responseDate><request verb="GetRecord" identifier="oai:docta.ucm.es:20.500.14352/137218" metadataPrefix="marc">https://docta.ucm.es/rest/oai/request</request><GetRecord><record><header><identifier>oai:docta.ucm.es:20.500.14352/137218</identifier><datestamp>2026-06-05T23:56:03Z</datestamp><setSpec>com_20.500.14352_1</setSpec><setSpec>col_20.500.14352_6</setSpec></header><metadata><record xmlns="http://www.loc.gov/MARC21/slim" xmlns:dcterms="http://purl.org/dc/terms/" xmlns:xsi="http://www.w3.org/2001/XMLSchema-instance" xmlns:doc="http://www.lyncode.com/xoai" xsi:schemaLocation="http://www.loc.gov/MARC21/slim http://www.loc.gov/standards/marcxml/schema/MARC21slim.xsd">
   <leader>00925njm 22002777a 4500</leader>
   <datafield ind2=" " ind1=" " tag="042">
      <subfield code="a">dc</subfield>
   </datafield>
   <datafield ind2=" " ind1=" " tag="720">
      <subfield code="a">Pattier Bocos, Daniel</subfield>
      <subfield code="e">author</subfield>
   </datafield>
   <datafield ind2=" " ind1=" " tag="260">
      <subfield code="c">2026</subfield>
   </datafield>
   <datafield ind2=" " ind1=" " tag="520">
      <subfield code="a">Guide to designing inclusive Learning Situations in Primary Education (LOMLOE framework). Four key blocks: 1) Diagnosis (know the group and identify barriers), 2) Competence-based design + UDL (final product, criteria, multiple means of representation, action, and engagement), 3) Active methodologies (cooperative learning, stations, gamification, structured tutoring), and 4) Formative assessment (visual rubrics, multiple demonstration formats, self-assessment). Includes myths, reflections, and a case study. Core principle: design inclusively from the start — not as an afterthought.</subfield>
   </datafield>
   <datafield ind1="8" ind2=" " tag="024">
      <subfield code="a">https://hdl.handle.net/20.500.14352/137218</subfield>
   </datafield>
   <datafield ind2="0" ind1="0" tag="245">
      <subfield code="a">Didactic guide: how to design an inclusive learning situation in Primary Education</subfield>
   </datafield>
</record></metadata></record></GetRecord></OAI-PMH>